Statistics for Guess the Taylor Swift song by synonym

Click here to take the quiz!

General Stats

  • This quiz has been taken 42 times
  • The average score is 11 of 20

Answer Stats

SynonymSong Title% Correct
All Has AlternatedEverything Has Changed
87%
See What You Forced Me AchieveLook What You Made Me Do
83%
UnafraidFearless
77%
Unseen cordInvisible String
73%
Information In A GlassMessage In A Bottle
73%
Dont Ever DevelopNever Grow Up
73%
Secured Jointly With A GrinTied Together With A Smile
73%
Low AwfulDown Bad
70%
The Contorted Lyricist AgencyThe Tortured Poets Department
70%
The Opposite Position Of The ExitThe Other Side Of The Door
67%
Forbidden CasesIllicit Affairs
57%
Invalid DivinityFalse God
53%
Final EndearmentLast Kiss
47%
SunshineDaylight
40%
Same Place You Forsaken MeRight Where You Left Me
40%
Modern Love IdealistNew Romantics
37%
BugGlitch
30%
EternallyEvermore
23%
Continueing LovelyStay Beautiful
23%
Affects UnusualHits Different
10%

Score Distribution

Percentile by Number Answered

Percent of People with Each Score

Your Score History

You have not taken this quiz